Every Winner Of The F1 Monaco Grand Pix - Statistics

General Stats
  • This quiz has been taken 24 times
  • The average score is 40 of 82
Answer Stats
Hint Answer % Correct
2008 Lewis Hamilton
91%
2016 Lewis Hamilton
91%
2019 Lewis Hamilton
91%
2021 Max Verstappen
91%
2023 Max Verstappen
91%
1987 Ayrton Senna
86%
1989 Ayrton Senna
86%
1990 Ayrton Senna
86%
1991 Ayrton Senna
86%
1992 Ayrton Senna
86%
1993 Ayrton Senna
86%
2011 Sebastian Vettel
86%
2017 Sebastian Vettel
86%
2006 Fernando Alonso
82%
2007 Fernando Alonso
82%
2025 Lando Norris
82%
1984 Alain Prost
77%
1985 Alain Prost
77%
1986 Alain Prost
77%
1988 Alain Prost
77%
2024 Charles Leclerc
77%
2005 Kimi Raikkonen
77%
2009 Jenson Button
73%
1950 Juan Manuel Fangio
73%
1957 Juan Manuel Fangio
73%
1983 Keke Rosberg
73%
2013 Nico Rosberg
73%
2014 Nico Rosberg
73%
2015 Nico Rosberg
73%
2018 Daniel Ricciardo
68%
1963 Graham Hill
68%
1964 Graham Hill
68%
1965 Graham Hill
68%
1968 Graham Hill
68%
1969 Graham Hill
68%
1959 Jack Brabham
68%
1975 Niki Lauda
68%
1976 Niki Lauda
68%
2022 Sergio Perez
68%
1998 Mika Hakkinen
64%
1966 Jackie Stewart
59%
1971 Jackie Stewart
59%
1973 Jackie Stewart
59%
1981 Gilles Villeneuve
55%
1948 Giuseppe Farina
55%
2000 David Coulthard
50%
2002 David Coulthard
50%
1956 Stirling Moss
50%
1960 Stirling Moss
50%
1961 Stirling Moss
50%
1977 Jody Scheckter
36%
1979 Jody Scheckter
36%
1996 Olivier Panis
32%
1967 Denny Hulme
27%
1970 Jochen Rindt
23%
2010 Mark Webber
18%
2012 Mark Webber
18%
1931 Louis Chiron
14%
1935 Luigi Fagioli
14%
1955 Maurice Trintignant
14%
1958 Maurice Trintignant
14%
1933 Achille Varzi
9%
1962 Bruce McLaren
9%
1934 Guy Moll
9%
2004 Jarno Trulli
9%
2003 Juan Pablo Montoya
9%
1937 Manfred Von Brauchitsch
9%
1978 Patrick Depailler
9%
1930 Rene Dreyfus
9%
1982 Riccardo Patrese
9%
1936 Rudolf Caracciola
9%
1932 Tazio Nuvolari
9%
1952 Vittorio Marzotto
9%
1929 William Grover-Williams
9%
1980 Carlos Reutemann
5%
1972 Jean-Pierre Beltoise
5%
1974 Ronnie Peterson
5%
1994 Michael Schmacher
0%
1995 Michael Schmacher
0%
1997 Michael Schmacher
0%
1999 Michael Schmacher
0%
2001 Michael Schmacher
0%
No matching quizzes found
Score Distribution
Percent of People with Each Score
Percentile by Number Answered
Your Score History
You have not taken this quiz